000 01555nam a22004097a 4500
001 000095335
003 CHAP
005 20220329143105.0
008 060303s2005 mx r 00010 spa d
010 _a91801
011 _a92773
035 _a103339
040 _cCHAP
090 _aTesis
100 1 _aIbarra Serna, Alejandro
_957191
245 1 0 _aActividades didácticas propuestas para educación ambiental en la escuela telesecundaria No. 21 "Emiliano Zapata" Pabellón de Arteaga, Aguascalientes /
_c/por Alejandro Ibarra Serna.
260 _aChapingo, Méx. :
_bEl autor,
_c2005.
300 _a122 h. :
_bmapas.
502 _aTesis (Ing. Agr. Esp. en Suelos) -- UACH. Departamento de Suelos
590 _aALEPH
_b10
_c20130110
_lUCH01
_h1509
590 _aBATCH-UPD
_b10
_c20130110
_lUCH01
_h0711
590 _aBATCH-UPD
_b10
_c20130410
_lUCH01
_h0357
590 _aBATCH-UPD
_b10
_c20130914
_lUCH01
_h1244
590 _aBATCH-UPD
_b10
_c20140324
_lUCH01
_h1454
590 _aBATCH-UPD
_b10
_c20141002
_lUCH01
_h0829
590 _aCONVERSION
_b10
_c20130109
_lUCH01
_h1351
590 _aE12093SGE
_b10
_c20130605
_lUCH01
_h1135
650 1 4 _aEducación ambiental.
_935556
650 1 4 _aMedio ambiente
_xProtección.
_974106
856 _3Finding aid
_uhttp://10.13.5.2/tesis/103339.pdf
_zTeclea aquí
901 _aBK
905 _aAlejandra Carrasco M.
942 _cCD
942 _n0
949 _aTesis
_bBC
_cTES
_d00000001033391
_eTS1
_gDonaciØn
_h44197
_i103339
_sb
949 _aTesis
_bBC
_cTES
_d33724000999975
_eTS2
_fc.2
_gDonaciØn
_h44198
_i103339
_si
999 _c91801
_d91801